000 00691nam a2200277Ia 4500
005 20260324153524.0
008 008 260324s9999 xx 000 0 eng d
020 _a9780444637963
037 _aEBOOK
040 _aCRL
040 _beng
040 _cCRL
041 _2eng
041 _aeng
084 _qCRL
100 _aEnrico Drioli
_91231621
245 0 _aComprehensive Membrane Science and Engineering (Second Edition)
250 _a2
260 _bElsevier
260 _c2017
650 _aChemical Engineering
856 _uhttps://www.sciencedirect.com/science/referenceworks/9780444637963
942 _cEBOOK
999 _c1843223
_d1843223